Statistics for Countries Most Similar To Sudan

Click here to take the quiz!

General Stats

  • This quiz has been taken 51 times
  • The average score is 14 of 20

Answer Stats

RankCountryScore% Correct
6Egypt73.6
97%
10Libya71.7
92%
12Algeria69.6
89%
2Chad77.0
89%
11South Sudan70.9
89%
14Morocco68.4
87%
3Yemen75.8
87%
20Ethiopia67.0
84%
1Mauritania80.9
79%
4Somalia74.9
79%
8Eritrea73.2
76%
9Djibouti72.5
74%
16Iraq68.0
71%
7Mali73.4
71%
5Niger73.8
68%
13Syria69.1
66%
19Jordan67.8
58%
14Senegal68.4
34%
18Afghanistan67.9
24%
16Guinea68.0
11%

Score Distribution

Percentile by Number Answered

Percent of People with Each Score

Your Score History

You have not taken this quiz